Statystyki dla Geografia Polski od A do Z

Kliknij tutaj aby rozwiązać quiz!

Ogólne statystyki

  • Ten quiz został rozwiązany 750 razy
  • Średni wynik to 18 z 24

Statystyki odpowiedzi

-PytanieOdpowiedź% Poprawnych
DJakiego gatunku jest Bartek, jedno z najstarszych drzew liściastych w Polsce?Dąb
98%
GJaką nazwę nosi miasto uważane jest za pierwszą stolicę Polski?Gniezno
97%
OJaką nazwę nosi rzeka przepływająca przez Wrocław?Odra
91%
PNa ratuszu którego polskiego miasta znajdują się słynne "koziołki"?Poznań
90%
RJaką nazwę nosi najwyższy szczyt górski w Polsce?Rysy
90%
FJakiego ssaka morskiego możemy podziwiać w Stacji Morskiej Instytutu Oceanografii Uniwersytetu Gdańskiego na Helu?Foka
89%
SJaką nazwę nosi najpopularniejszy gatunek drzewa iglastego w Polsce?Sosna
89%
TW jakim mieście urodził się i pracował twórca teorii geocentrycznej?Toruń
86%
HJaką nazwę nosi najgłębsze w Polsce jezioro?Hańcza
85%
ZJaką nazwę nosi miasto i popularny górski kurort słynący z ulicy Krupówki?Zakopane
85%
MW którym polskim mieście znajduje się jeden z największych zamków w stylu gotyckim?Malbork
83%
CJak na nazwisko ma patron warszawskiego lotniska Okęcie?Chopin
81%
UDo którego państwa zmierzamy stojąc na przejściu granicznym w Hrubieszowie?Ukraina
81%
BJaką nazwę nosi jedyna w Polsce pustynia?Błędowska
73%
LRury, Czuby Północne, Tatary to dzielnice którego Polskiego miasta?Lublin
73%
ŚW którym mieście znajduje się najwyższa w Polsce Latarnia Morska?Świnoujście
73%
EW herbie którego miasta w województwie warmińsko-mazurksim znajduje się biały jeleń oraz insygnia papieskie?Ełk
72%
WJaką nazwę nosi polska wyspa znajdująca się między Zalewem Szczecińskim i Morzem Bałtyckim?Wolin
72%
KJaką nazwę nosi Park Narodowy u granic Warszawy?Kampinoski Park Narodowy
65%
JJak potocznie określa się wyżynę Krakowsko-Częstochowską?Jura
64%
AKtóre Polskie miasto leży pomiędzy aż 7 jeziorami w tym Necko i Sajno?Augustów
62%
ŁKtóre polskie miasto słynie z tzw. "wycinanek"?Łowicz
50%
IJaką trzyliterową nazwę nosi rzeka przepływająca przez Stargard?Ina
40%
NJaką nazwę nosi znana socrealistyczna dzielnica Krakowa?Nowa Huta
36%

Rozkład punktacji

Percentyl według liczby udzielonych odpowiedzi

Procent ludzi z każdym wynikiem

Twoja historia wyników

Nie rozwiązałeś tego quizu